| 000 | 01157pam a2200361 a 4500 | ||
|---|---|---|---|
| 999 |
_c28891 _d28862 |
||
| 001 | 013269366 | ||
| 003 | EG-ScBUE | ||
| 005 | 20201010114507.0 | ||
| 008 | 050804t2006 enka f b 001 0 eng d | ||
| 020 | _a9780077108267 (pbk.) | ||
| 020 | _a0077108264 (pbk.) | ||
| 040 |
_aStDuBDS _beng _cStDuBDS _dUk |
||
| 082 | 0 | 4 |
_a658.022 _bDEA _222 |
| 100 | 1 | 0 |
_aDeakins, David, _d1950- _eauthor. |
| 245 | 1 | 0 |
_aEntrepreneurship and small firms / _cDavid Deakins and Mark Freel. |
| 250 | _aFourth edition. | ||
| 264 | 1 |
_aLondon : _bMcGraw-Hill Companies, _c[2006] |
|
| 264 | 4 | _cc2006 | |
| 300 |
_axix, 289 pages : _billustrations ; _c25 cm |
||
| 336 |
_atext _2rdacontent _btxt |
||
| 337 |
_aunmediated _2rdamedia _bn |
||
| 338 |
_avolume _2rdacarrier _bnc |
||
| 500 | _aPrevious ed.: 2003. | ||
| 500 |
_aFormerly CIP. _5Uk |
||
| 504 | _aIncludes bibliographical references and index. | ||
| 650 | 7 |
_aEntrepreneurship. _2BUEsh |
|
| 650 | 7 |
_aSmall business _xManagement. _2BUEsh |
|
| 650 | 7 |
_aNew business enterprises _xManagement. _2BUEsh |
|
| 653 |
_bBUSADM _cOctober2020 |
||
| 655 | _vReading book | ||
| 700 | 1 |
_aFreel, Mark S., _eauthor. |
|
| 942 |
_2ddc _cBB |
||